ბათუმის შოთა რუსთაველის სახელმწიფო უნივერსიტეტის ბიბლიოთეკა

ხანმოკლე ინტერვენცია ASSIST-თან ბმული ხანმოკლე ინტერვენცია ნივთიერების სახიფათო და საზიანო მოხმარებისას : (ბიბ.ჩანაწერი № 55627)

000 -ლიდერი
ფიქსირებული სიგრძის საკონტროლო ველი 02223nam a2200277Ia 4500
001 - საკონტროლო ნომერი
საკონტროლო ველი 22722
003 - საკონტროლო ნომრის იდენტიფიკატორი
საკონტროლო ველი GE_BSU
005 - ბოლო ოპერაციის თარიღი და დრო
საკონტროლო ველი 20230427165309.0
008 - ფიქსირებული სიგრძის მონაცემთა ელემენტები - ზოგადი ინფორმაცია
ფიქსირებული სიგრძის საკონტროლო ველი 181216s ||||ge |||||||||||||| ||geo||
020 ## - წიგნის საერთაშორისო სტანდარტული ნომერი
International Standard Book Number 9789941096556
040 ## - კატალოგიზაციის წყარო
Transcribing agency GE_BSU
041 ## - ენის კოდი
Language code of text/sound track or separate title geo
080 ## - უნივერსალური ათობითი კლასიფიკაციის ინდექსი
Universal Decimal Classification number 613.81(075.8) ხ-22
245 ## - ცნობა სათაურის შესახებ
Title ხანმოკლე ინტერვენცია ASSIST-თან ბმული ხანმოკლე ინტერვენცია ნივთიერების სახიფათო და საზიანო
მოხმარებისას :
Remainder of title პირველად ჯანდაცვაში გამოსაყენებელი სახელმძღვანელო /
Statement of responsibility, etc მთარგმნელი მაკა ჩხეიძე ; რედაქტორი ნინო აღდგომელაშვილი.
264 ## - წარმოების, გამოცემის, დისტრიბუციის და სხვა ცნობები
გამოცემის, წარმოების, დისტრიბუციის... ადგილი თბილისი :
გამოცემის, წარმოების, დისტრიბუციის... სახელწოდება [გ.გ],
გამოცემის, წარმოების, დისტრიბუციის... თარიღი 2017.
300 ## - ფიზიკური აღწერა
Extent 55 გვ. ;
Dimensions 25 სმ.
500 ## - ზოგადი შენიშვნა
General note გამოცემა დაფინანსებულია ევროკომისიის მიერ TEMPUS-ის დაფინანსების მექანიზმის გამოყენებით პროექტის ” ადამიანური რესურსების, მტკიცებულებათ ბაზისა და ხარისხის სტანდარტების განვითარება საქართველოს ადიქტოლოგიაში” ფარგლებში
504 ## - BIBLIOGRAPHY, ETC. NOTE
Bibliography, etc ბიბლიოგრ. : გვ. 53-55
653 ## - INDEX TERM--UNCONTROLLED
Uncontrolled term ალკოჰოლზე დამოკიდებულება -- სახელმძღვანელოები
653 ## - INDEX TERM--UNCONTROLLED
Uncontrolled term ნარკოტიკებზე დამოკიდებულება -- სახელმძღვანელოები
653 ## - INDEX TERM--UNCONTROLLED
Uncontrolled term მედიცინა
700 ## - ADDED ENTRY--PERSONAL NAME
Personal name ჩხეიძე, მაკა
Relator term მთარგმნელი
9 (RLIN) 17848
700 ## - ADDED ENTRY--PERSONAL NAME
Personal name აღდგომელაშვილი, ნინო
Relator term რედაქტორი
9 (RLIN) 12661
942 ## - ADDED ENTRY ELEMENTS (KOHA)
Koha item type წიგნი
Source of classification or shelving scheme
ეგზემპლარები
ჩამოწერის სტატუსი დაკარგული ეგზემპლარის სტატუსი კლასიფიკაციის წყარო ან თაროზე გაწყობის სქემა დაზიანების სტატუსი არ გაიცემა მუდმივი მდებარეობა (დაცვის ადგილი) ამჟამინდელი ადგილსამყოფელი თაროზე განთავსების ადგილი შეძენის თარიღი ღირებულება, შესყიდვის ნორმალური ფასი სრული შენახვის შიფრი შტრიხკოდი ბოლო ოპერაციის თარიღი ეგზემპლარის მიმდევრობითი ნომერი (კეტერი?) ფასის ძალაში შესვლის თარიღი ეგზემპლარის სახეობა საჯარო შენიშვნა
          ბათუმის შოთა რუსთაველის სახელმწიფო უნივერსიტეტის მთავარი ბიბლიოთეკა ბათუმის შოთა რუსთაველის სახელმწიფო უნივერსიტეტის მთავარი ბიბლიოთეკა წიგნსაცავი 2018-12-17 3.00 613.81(075.8) ხ-22 58173 2018-12-17 58173 2018-12-17 წიგნი 3.00 ₾.
          ბათუმის შოთა რუსთაველის სახელმწიფო უნივერსიტეტის მთავარი ბიბლიოთეკა ბათუმის შოთა რუსთაველის სახელმწიფო უნივერსიტეტის მთავარი ბიბლიოთეკა წიგნსაცავი 2018-12-17 3.00 613.81(075.8) ხ-22 58174 2018-12-17 58174 2018-12-17 წიგნი 3.00 ₾.
          ბათუმის შოთა რუსთაველის სახელმწიფო უნივერსიტეტის მთავარი ბიბლიოთეკა ბათუმის შოთა რუსთაველის სახელმწიფო უნივერსიტეტის მთავარი ბიბლიოთეკა წიგნსაცავი 2018-12-17 3.00 613.81(075.8) ხ-22 58175 2018-12-17 58175 2018-12-17 წიგნი 3.00 ₾.
          ბათუმის შოთა რუსთაველის სახელმწიფო უნივერსიტეტის მთავარი ბიბლიოთეკა ბათუმის შოთა რუსთაველის სახელმწიფო უნივერსიტეტის მთავარი ბიბლიოთეკა წიგნსაცავი 2018-12-17 3.00 613.81(075.8) ხ-22 58176 2018-12-17 58176 2018-12-17 წიგნი 3.00 ₾.
          ბათუმის შოთა რუსთაველის სახელმწიფო უნივერსიტეტის მთავარი ბიბლიოთეკა ბათუმის შოთა რუსთაველის სახელმწიფო უნივერსიტეტის მთავარი ბიბლიოთეკა წიგნსაცავი 2018-12-17 3.00 613.81(075.8) ხ-22 58177 2018-12-17 58177 2018-12-17 წიგნი 3.00 ₾.